书目信息 |
| 题名: |
展示设计
|
|
| 作者: | 王峥 主编 | |
| 分册: | ||
| 出版信息: | 北京 中国纺织出版社 2013.07 |
|
| 页数: | 104页 | |
| 开本: | 29cm | |
| 丛书名: | ||
| 单 册: | ||
| 中图分类: | J525.2 | |
| 科图分类: | ||
| 主题词: | 展览会--设计--高等教育--教材 , 陈列设计--高等教育--教材 , 展览会 , 陈列设计 | |
| 电子资源: | ||
| ISBN: | 978-7-5064-9833-3 | |
| 000 | 00919nam0 2200289 450 | |
| 001 | 006150660 | |
| 005 | 20140610163438.54 | |
| 010 | @a978-7-5064-9833-3@dCNY39.80 | |
| 100 | @a20130816d2013 em y0chiy0110 ea | |
| 101 | 0 | @achi |
| 102 | @aCN@b110000 | |
| 105 | @aa z 000yy | |
| 106 | @ar | |
| 200 | 1 | @a展示设计@9zhan shi she ji@f王峥主编 |
| 210 | @a北京@c中国纺织出版社@d2013.07 | |
| 215 | @a104页@c图@d29cm | |
| 300 | @a高等教育艺术设计专业“十二五”部委级规划教材(本科) | |
| 330 | @a本书分为六章,主要内容包括:展示设计概述、展示设计原理、展示色彩设计、展示照明设计、展示道具设计、展示设计与表达等。 | |
| 333 | @a高校艺术设计专业类师生 | |
| 606 | 0 | @a展览会@x设计@x高等教育@j教材 |
| 606 | 0 | @a陈列设计@x高等教育@j教材 |
| 606 | 0 | @a展览会 |
| 606 | 0 | @a陈列设计 |
| 690 | @aJ525.2@v5 | |
| 701 | 0 | @a王峥@9wang zheng@4主编 |
| 801 | 0 | @aCN@b人天书店@c20130816 |
| 905 | @b845144-47@dJ525.2@e356@f4 | |
| 展示设计/王峥主编.-北京:中国纺织出版社,2013.07 |
| 104页:图;29cm |
| 高等教育艺术设计专业“十二五”部委级规划教材(本科).-使用对象:高校艺术设计专业类师生 |
| ISBN 978-7-5064-9833-3:CNY39.80 |
| 本书分为六章,主要内容包括:展示设计概述、展示设计原理、展示色彩设计、展示照明设计、展示道具设计、展示设计与表达等。 |
| ● |
| 相关链接 |
|
|
|
|
正题名:展示设计
索取号:J525.2/356
 
预约/预借
| 序号 | 登录号 | 条形码 | 馆藏地/架位号 | 状态 | 备注 |
| 1 | 845144 | 208451441 | 第一样本阅览室/ [索取号:J525.2/356] | 在馆 | |
| 2 | 845145 | 208451450 | 密集书库-美术系/ [索取号:J525.2/356] | 在馆 | |
| 3 | 845146 | 208451469 | 第一借阅区/ [索取号:J525.2/356] | 在馆 | |
| 4 | 845147 | 208451478 | 第一借阅区/ [索取号:J525.2/356] | 在馆 |